• 首页
  • 本馆介绍
  • 公告通知
  • 最新文献
  • 馆藏检索
  • 电子资源
  • 读者导购
  • 参考咨询
  • 我的图书馆
  • 登录
  • 详细信息显示
  • 放入我的书架
  • 预约/预借图书
  • 作者相关作品
  • 分类相关作品
  • 丛书相关作品
  • 出版社相关作品

书目信息

  • 表格格式
  • 工作单格式
  • 卡片格式
题名:
李世民传
    
 
作者: 石静 编著
分册:  
出版信息: 西安   三秦出版社  2012.12
页数: 394页
开本: 24cm
丛书名:
单 册:
中图分类: K827=421
科图分类:
主题词:
电子资源:
ISBN: 978-7-5518-0339-7
000 00724nam0 2200241 450
001 0102100407
005 20210402100818.0
010    @a978-7-5518-0339-7@dCNY39.80
100    @a20130506e20202012em y0chiy50 ea
101 0  @achi
102    @aCN@b610000
105    @ay z 000yb
106    @ar
200 1  @a李世民传@Ali shi min zhuan@f石静编著
210    @a西安@c三秦出版社@d2012.12@h2020.06
215    @a394页@d24cm
300    @a帝王传大系
330    @a本书以唐太宗的一生为主线,从他的家族渊缘入手,以历史小说的形式系统地介绍了唐太宗一生的沉浮。
600  0 @a李世民@f(599-649)@x传记
690    @aK827=421@v5
701  0 @a石静@Ashi jing@4编著
801  0 @aCN@bBJSZM@c20210402
905    @b1273820-4@dK827=421@e1029@f5
    
    李世民传/石静编著.-西安:三秦出版社,2012.12(2020.06)
    394页;24cm
    帝王传大系
    
    ISBN 978-7-5518-0339-7:CNY39.80
    本书以唐太宗的一生为主线,从他的家族渊缘入手,以历史小说的形式系统地介绍了唐太宗一生的沉浮。
●
相关链接 在E读中查询图书 在五车中查询图书 在当当中查询图书 在豆瓣中查询图书


正题名:李世民传     索取号:K827=421/1029         预约/预借

序号 登录号 条形码 馆藏地/架位号 状态 备注
1 1273820   212738206   第二样本阅览室/ [索取号:K827=421/1029] 在馆    
2 1273821   212738215   教育系资料室/ [索取号:K827=421/1029] 在馆    
3 1273822   212738224   教育系资料室/ [索取号:K827=421/1029] 在馆    
4 1273823   212738233   第二借阅区/ [索取号:K827=421/1029] 在馆    
5 1273824   212738242   第二借阅区/ [索取号:K827=421/1029] 在馆    
唐山师范学院图书馆 欢迎您!
大连网信软件有限公司© 版权所有